ՀՀ Գիտությունների ազգային ակադեմիայի հիմնարար գիտական գրադարան  =   Fundamental Scientific Library of NAS RA

Բառերի բանալին : (Record no. 82062)

MARC details
000 -LEADER
fixed length control field 00812nam a2200193 a 4500
001 - CONTROL NUMBER
control field 000232553
003 - CONTROL NUMBER IDENTIFIER
control field AM-YeHGA
005 - DATE AND TIME OF LATEST TRANSACTION
control field 20250618071556.0
008 - FIXED-LENGTH DATA ELEMENTS--GENERAL INFORMATION
fixed length control field 030609s2003 ai 000 | arm d
020 ## - INTERNATIONAL STANDARD BOOK NUMBER
International Standard Book Number 9993092584
040 ## - CATALOGING SOURCE
Original cataloging agency AM-YeHGA
090 ## - LOCALLY ASSIGNED LC-TYPE CALL NUMBER (OCLC); LOCAL CALL NUMBER (RLIN)
-- 83331
100 1# - MAIN ENTRY--PERSONAL NAME
Personal name Ավագյան, Արևշատ Խոսրովի,
Dates associated with a name 1940-
Relator term հեղ.
Relationship aft
Relator term նկ.
Relationship art
9 (RLIN) 970
245 10 - TITLE STATEMENT
Title Բառերի բանալին :
Remainder of title [Մանկական բանաստեղծությունների ժողովածու] /
Statement of responsibility, etc. Ա. Ավագյան; Խմբ.՝ Ա. Վարդանյան.
260 ## - PUBLICATION, DISTRIBUTION, ETC.
Place of publication, distribution, etc. Երևան :
Name of publisher, distributor, etc. Ծիծեռնակ,
Date of publication, distribution, etc. 2003.
300 ## - PHYSICAL DESCRIPTION
Extent 71 էջ :
Other physical details նկ. ;
Dimensions 20 սմ.
650 14 - SUBJECT ADDED ENTRY--TOPICAL TERM
Topical term or geographic name entry element Հայ մանկական գրականություն
General subdivision Բանաստեղծություն
700 1# - ADDED ENTRY--PERSONAL NAME
Personal name Վարդանյան, Անուշ,
Dates associated with a name 1955-
Relator term խմբ.
Relationship edt
9 (RLIN) 3641
Holdings
Withdrawn status Lost status Damaged status Not for loan Collection Home library Current library Date acquired Total checkouts Full call number Barcode Date last seen Price effective from Koha item type Public note
        General Fundamental Scientific Library Fundamental Scientific Library 22/12/2016   AII/90222 220090222 22/12/2016 22/12/2016 Գրքեր / Books 30 Days Loan


ՀՀ ԳԱԱ հիմնարար գիտական գրադարան
ՀՀ,Երևան 0019
Մարշալ Բաղրամյան 24/6
հեռախոս:(374-10) 52-47-50
Հետադարձ կապ

All site content, except where otherwise noted, is licensed under a
Creative Commons License